|
|
|
|
| LEADER |
02744nam a22005895i 4500 |
| 001 |
978-3-319-71928-3 |
| 003 |
DE-He213 |
| 005 |
20171127222505.0 |
| 007 |
cr nn 008mamaa |
| 008 |
171127s2017 gw | s |||| 0|eng d |
| 020 |
|
|
|a 9783319719283
|9 978-3-319-71928-3
|
| 024 |
7 |
|
|a 10.1007/978-3-319-71928-3
|2 doi
|
| 040 |
|
|
|d GrThAP
|
| 050 |
|
4 |
|a Q334-342
|
| 050 |
|
4 |
|a TJ210.2-211.495
|
| 072 |
|
7 |
|a UYQ
|2 bicssc
|
| 072 |
|
7 |
|a TJFM1
|2 bicssc
|
| 072 |
|
7 |
|a COM004000
|2 bisacsh
|
| 082 |
0 |
4 |
|a 006.3
|2 23
|
| 245 |
1 |
0 |
|a Mining Intelligence and Knowledge Exploration
|h [electronic resource] :
|b 5th International Conference, MIKE 2017, Hyderabad, India, December 13–15, 2017, Proceedings /
|c edited by Ashish Ghosh, Rajarshi Pal, Rajendra Prasath.
|
| 264 |
|
1 |
|a Cham :
|b Springer International Publishing :
|b Imprint: Springer,
|c 2017.
|
| 300 |
|
|
|a XX, 438 p. 125 illus.
|b online resource.
|
| 336 |
|
|
|a text
|b txt
|2 rdacontent
|
| 337 |
|
|
|a computer
|b c
|2 rdamedia
|
| 338 |
|
|
|a online resource
|b cr
|2 rdacarrier
|
| 347 |
|
|
|a text file
|b PDF
|2 rda
|
| 490 |
1 |
|
|a Lecture Notes in Computer Science,
|x 0302-9743 ;
|v 10682
|
| 520 |
|
|
|a This book constitutes the refereed post-conference proceedings of the 5th International Conference on Mining Intelligence and Knowledge Exploration, MIKE 2017, held in Hyderabad, India, in December 2017. The 40 full papers presented were carefully reviewed and selected from 139 submissions. The papers were grouped into various subtopics including arti ficial intelligence, machine learning, image processing, pattern recognition, speech processing, information retrieval, natural language processing, social network analysis, security, and fuzzy rough sets.
|
| 650 |
|
0 |
|a Computer science.
|
| 650 |
|
0 |
|a Algorithms.
|
| 650 |
|
0 |
|a Data mining.
|
| 650 |
|
0 |
|a Artificial intelligence.
|
| 650 |
|
0 |
|a Image processing.
|
| 650 |
|
0 |
|a Biometrics (Biology).
|
| 650 |
1 |
4 |
|a Computer Science.
|
| 650 |
2 |
4 |
|a Artificial Intelligence (incl. Robotics).
|
| 650 |
2 |
4 |
|a Information Systems Applications (incl. Internet).
|
| 650 |
2 |
4 |
|a Data Mining and Knowledge Discovery.
|
| 650 |
2 |
4 |
|a Image Processing and Computer Vision.
|
| 650 |
2 |
4 |
|a Biometrics.
|
| 650 |
2 |
4 |
|a Algorithm Analysis and Problem Complexity.
|
| 700 |
1 |
|
|a Ghosh, Ashish.
|e editor.
|
| 700 |
1 |
|
|a Pal, Rajarshi.
|e editor.
|
| 700 |
1 |
|
|a Prasath, Rajendra.
|e editor.
|
| 710 |
2 |
|
|a SpringerLink (Online service)
|
| 773 |
0 |
|
|t Springer eBooks
|
| 776 |
0 |
8 |
|i Printed edition:
|z 9783319719276
|
| 830 |
|
0 |
|a Lecture Notes in Computer Science,
|x 0302-9743 ;
|v 10682
|
| 856 |
4 |
0 |
|u http://dx.doi.org/10.1007/978-3-319-71928-3
|z Full Text via HEAL-Link
|
| 912 |
|
|
|a ZDB-2-SCS
|
| 912 |
|
|
|a ZDB-2-LNC
|
| 950 |
|
|
|a Computer Science (Springer-11645)
|